000 00389nam a22001457a 4500
008 250321b |||||||| |||| 00| 0 eng d
020 _a9962636256
050 _aRM648
_b.D68
100 _aDouglass William Campbell
245 _aHydrogen peroxide medical miracle
260 _aPanama
_bRhino Publishing
_c2003
300 _a177p
650 _aHydrogen peroxide
_vMedical Usage
942 _cBK
999 _c2585
_d2585